Language Quiz

Random Language or Latin Quiz

A Level Latin: Vocab for Verse Unseens Part 2 Quiz Stats

 Plays Quiz not verified by Sporcle

Score 0/123 Timer 10:00
0 Plays Today
Latin English % Correct
virgo, vriginis (f)girl, maiden, virgin
83.9%
lupus, lupi (m)wolf
82.3%
stella, stellae (f)star
82.3%
misceo, miscere, miscui, mixtummix, confuse
80.6%
penna, pennae (f)feather, (pl) wings
80.6%
rosa, rosae (f)rose
80.6%
lumen, luminis (n)light, lamp, eye
79%
purpureus, purpurea, purpureumpurple, radiant, glowing
79%
Penates, Penatium (m pl)household gods, home
77.4%
pluma, plumae (f)feather
77.4%
sanguineus, sanguinea, sanguineumbloody, of blood, blood red
77.4%
taurus, tauri (m)bull
77.4%
vacca, vaccae (f)cow
77.4%
Musa, Musae (f)Muse, poem, song
75.8%
pectus, pectoris (n)breast, heart, spirit
75.8%
mirus, mira, mirumwonderful, marvelous, amazing
74.2%
pastor, pastoris (m)shepherd
74.2%
premo, premere, pressi, pressumpress, crush
74.2%
terthree times
74.2%
mortalis, mortalemortal, human, transient
72.6%
nix, nivis (f)snow
72.6%
piscis, piscis (m)fish
72.6%
sileo, silere, siluibe silent, be still
72.6%
niveus, nivea, niveumsnowy, white
71%
nubes, nubis (f)cloud
71%
Zephyrus, Zephyri (m)the west wind
71%
navita, navitae (m)sailor
69.4%
nocturnus, nocturna, nocturnumnocturnal, of the night
69.4%
paternus, paterna, paternumof a father, paternal, ancestral
69.4%
spargo, spargere, sparsi, sparsumscatter, sprinkle
69.4%
votum, voti (n)vow, promise, wish, prayer
69.4%
osculum, osculi (n)kiss
67.7%
puppis, puppis (f)stern, ship
67.7%
maestus, maesta, maestumsad, gloomy
66.1%
marmor, marmoris (n)marble, statue, sea
66.1%
mundus, mundi (n)the world, earth, mankind
66.1%
os, ossis (n)bone
66.1%
prex, precis (f)prayer, entreaty
66.1%
sinus, sinus (m)fold, bosom, gulf, bay
66.1%
spiro, spirare, spiravi, spiratumbreathe, blow, be alive
66.1%
stupeo, stupere, stupuibe amazed
66.1%
Latin English % Correct
subeo, subire, subiigo under, approach, come to mind
66.1%
tellus, telluris (f)earth, land
66.1%
tenuis, tenuethin, fine, slight
66.1%
varius, varia, variumvarious, changing, multi coloured
66.1%
nimiumtoo, too much, exceedingly
64.5%
tenebrae, tenebrarum (f pl)darkness, night
64.5%
vincul[u]m, vinc[u]li (n)fastening, rope, chain
64.5%
pelagus, pelagi (n)sea
62.9%
polus, poli (m)pole, sky, heaven
62.9%
serenus, serena, serenumclear, bright, calm
62.9%
tepeo, tepere, tepuibe warm, feel love
62.9%
volucris, volucris (f)bird
62.9%
moles, molis (f)mass, effort, heap, pile
61.3%
nubilus, nubila, nubilumcloudy
61.3%
Orcus, Orci (m)the Underworld, god of the underworld, Hades
61.3%
ratis, ratis (f)raft, boat
61.3%
sacrum, sacri (n often found in pl)ceremony, religious rite
61.3%
seges, segetis (f)corn, crop
61.3%
sono, sonare, sonui, sonuitummake a noise, utter, resound
61.3%
tener, tenera, tenerumsoft, delicate, tender
61.3%
ovis, ovis (f)sheep
59.7%
querella, querellae (f)complaint, lamentation
59.7%
sidus, sideris (n)star, constellation
59.7%
umidus, umida, umidumdamp, moist
59.7%
vallis, vallis (f)valley
59.7%
vela, velorum (n pl)sails
59.7%
lenitergently, softly
58.1%
nefas (n indeclinable)wickedness, crime, wrong
58.1%
pictus, picta, pictumpainted, embroidered, coloured
58.1%
pinus, pinus (f)pine tree, ship
58.1%
rubeo, ruberebe red
58.1%
superi, superorum (m pl)the gods
58.1%
torus, tori (m)couch, bed, marriage bed
58.1%
Lar, Laris (m often found in pl)household god, home
56.5%
lassus, lassa, lassumtired, weary
56.5%
letum, leti (n)death
56.5%
limen, liminis (n)threshold, entrance, house
56.5%
Notus, Noti (m)the south wind, wind
56.5%
numen, numinis (n)divine power, divinity, god
56.5%
perfundo, perfundere, perfusi, perfusumpour over, wet, spread
56.5%
pontus, ponti (m)sea
56.5%
Latin English % Correct
protinuson the spot, immediately, continuously, onward
56.5%
uvidus, uvida, uvidumdamp, moist
56.5%
ver, veris (n)spring (the season)
56.5%
niteo, nitere, nituishine
54.8%
ramus, rami (m)branch
54.8%
turpis, turpeugly, shameful, disgraceful
54.8%
lignum, ligni (n)wood, wooden object, firewood
53.2%
singuli, singulae, singulaone each, individual
51.6%
sors, sortis (f)lot, share, fortune
51.6%
manes, manium (m pl)spirits of the dead, the Underworld
50%
merum, meri (n)unmixed wine
50%
questus, questus (m)complaint, lamentation
50%
velo, velare, velavi, velatumcover, clothe, conceal
50%
limes, limitis (m)boundary, track
48.4%
plango, plangere, planxi, planctumstrike, beat, beat the breast, mourn
48.4%
proles, prolis (f)offspring, child, descendant
48.4%
prora, prorae (f)prow, ship
48.4%
vates, vatis (m)prophet, poet, bard
48.4%
pavidus, pavida, pavidumtrembling, terrified, alarmed
46.8%
remigium, remigii (n)rowing, oarage, crew
46.8%
robur, roboris (n)oak, strength, man power
46.8%
luctus, luctus (m)grief, sorrow, mourning
45.2%
merus, mera, merumundiluted, pure
45.2%
perennis, perennethrough the year, enduring
45.2%
priscus, prisca, priscumold, former, ancient
45.2%
propero, properare, properavi, properatumhurry, hasten, be quick
45.2%
rupes, rupis (f)rock
45.2%
lucus, luci (m)grove, wood
43.5%
penitusdeep within, completely
43.5%
rivus, rivi (m)stream
43.5%
vado, vaderego, rush
43.5%
pratum, prati (n)meadow
41.9%
sedulus, sedula, sedulumbusy, attentive
41.9%
nemus, nemoris (n)grove, wood
40.3%
ros, roris (m)dew, moisture
40.3%
vadum, vadi (n)shallow water, ford, stream, sea
40.3%
orbus, orba, orbum (+ abl)deprived, bereft (of)
38.7%
sterno, sternere, stravi, stratumspread, scatter
38.7%
pecus, pecoris (n)cattle, herd
37.1%
nitor, niti, nisus/nixus sumrest on, climb, strive, exert oneself
35.5%
lepidus, lepida, lepidumcharming, elegant
32.3%

You're not logged in!

Compare scores with friends on all Sporcle quizzes.
OR
Log In

Show Comments

Extras

Created Feb 27, 2014ReportNominate
Tags:Latin Quiz

Top Quizzes Today


Score Distribution

Your Account Isn't Verified!

In order to create a playlist on Sporcle, you need to verify the email address you used during registration. Go to your Sporcle Settings to finish the process.

Report this User

Report this user for behavior that violates our Community Guidelines.

Details: